[Event "XXX Zalakaros Open"]
[Site "Zalakaros HUN"]
[Date "2011.05.26"]
[Round "7"]
[White "Bereczki,J"]
[Black "Varga,Me"]
[Result "0-1"]
[WhiteElo "2198"]
[BlackElo "2125"]

1.d4 d5 2.Nf3 Nf6 3.c4 c6 4.Nc3 dxc4 5.a4 Bf5 6.Ne5 Nbd7 7.Nxc4 Nb6 8.Ne5 a5
9.f3 Nfd7 10.Nxd7 Qxd7 11.e4 Bg6 12.Be3 e5 13.dxe5 Qxd1+ 14.Rxd1 Nd7 15.Be2 Bb4
16.O-O h6 17.Na2 Bc5 18.Bxc5 Nxc5 19.Nc3 O-O 20.Bd3 Rfe8 21.Bc2 Rxe5 22.Rd2 Ree8
23.Rfd1 Ra6 24.Rb1 Rb6 25.Kf2 f6 26.Na2 Bf7 27.Nc1 Rb4 28.Nd3 Nxd3+ 29.Rxd3 Ba2
30.Ra1 Rxb2 31.Rd2 Be6 32.g4 Kf8 33.Ke3 Ke7 34.Bd3 Rb3 35.Ke2 Rd8 36.Rad1 Rbxd3
37.Rxd3 Bc4 38.Ke3 Rxd3+ 39.Rxd3 Bxd3 40.Kxd3 b5 41.axb5 cxb5 42.f4 g5 43.f5 a4  0-1

[Event "e2e4 Sunningdale Open"]
[Site "Ascot ENG"]
[Date "2011.05.27"]
[Round "1"]
[White "Shepley,J"]
[Black "Tozer,R"]
[Result "0-1"]
[WhiteElo "2027"]
[BlackElo "2297"]

1.d4 d5 2.Nf3 Nf6 3.c4 c6 4.Nc3 dxc4 5.a4 Bf5 6.e3 e6 7.Bxc4 Bb4 8.O-O O-O
9.Bd2 c5 10.Nb5 a6 11.Na3 Bxd2 12.Qxd2 Ne4 13.Qd1 Nd7 14.d5 Qf6 15.a5 Rad8
16.dxe6 fxe6 17.Qc1 Bg4 18.Be2 Ne5 19.Nxe5 Bxe2 20.f4 Bxf1 21.Qxf1 Rd5 22.Nac4 Rfd8
23.Qf3 Nd6 24.Nb6 Rd2 25.Nbc4 Nxc4 26.Nxc4 Rc2 27.Qe4 Qf5 28.Qxf5 exf5 29.b3 Rd3
30.Rb1 h6 31.h3 Rcc3  0-1

[Event "TCh-FRA Top 12 2011"]
[Site "Mulhouse FRA"]
[Date "2011.05.27"]
[Round "2.5"]
[White "Pelletier,Y"]
[Black "Reinhart,E"]
[Result "1-0"]
[WhiteElo "2587"]
[BlackElo "2357"]

1.Nf3 c6 2.d4 Nf6 3.c4 d5 4.Nc3 dxc4 5.a4 Bf5 6.e3 e6 7.Bxc4 Nbd7 8.O-O Bb4
9.Qe2 Bg6 10.e4 O-O 11.Bd3 Re8 12.Bf4 Bh5 13.e5 Nd5 14.Nxd5 exd5 15.h3 Nf8
16.Qe3 Bxf3 17.Qxf3 Ne6 18.Be3 c5 19.Bb5 Re7 20.dxc5 a6 21.Bd3 Bxc5 22.Rad1 Qb6
23.Bc1 Rd8 24.Bb1 Red7 25.Kh1 Qb4 26.Qd3 Nf8 27.f4 Qxa4 28.f5 Qc6 29.Qg3 Re8
30.Rde1 Kh8 31.Qh4 f6 32.exf6 Rxe1 33.fxg7+ Rxg7 34.Rxe1 Be7 35.Qh5 Bb4 36.Rf1 d4
37.Qe2 Nd7 38.Be4 Qf6 39.Bxb7 Nc5 40.Bd5 Re7 41.Qg4 Rg7 42.Qe2 Re7 43.Qc4 Rd7
44.Be6 Rb7 45.Bf4 h6 46.Qd5  1-0

[Event "TCh-FRA Top 12 2011"]
[Site "Mulhouse FRA"]
[Date "2011.05.27"]
[Round "2.5"]
[White "Gozzoli,Y"]
[Black "Nezar,M"]
[Result "1-0"]
[WhiteElo "2530"]
[BlackElo "2405"]

1.d4 d5 2.c4 c6 3.Nf3 Nf6 4.Nc3 dxc4 5.a4 Bf5 6.Ne5 Nbd7 7.Nxc4 Qc7 8.g3 e5
9.dxe5 Nxe5 10.Bf4 Nfd7 11.Bg2 Be6 12.Nxe5 Nxe5 13.a5 a6 14.Qa4 Rd8 15.O-O Be7
16.Ne4 O-O 17.Rac1 Bd5 18.Rfd1 Rfe8 19.Be3 Be6 20.Bb6 Rxd1+ 21.Rxd1 Qb8 22.Nc5 Bxc5
23.Bxc5 Rd8 24.Rd4 Rxd4 25.Qxd4 Nd7 26.Bb4 Qe5 27.Bc3 Qxd4 28.Bxd4 f6 29.e4 Kf7
30.f4 Ke7 31.Kf2 g6 32.Bf3 f5 33.exf5 Bxf5 34.g4 Be6 35.Ke3 Kd6 36.h4 c5
37.Bg7 b6 38.axb6 Nxb6 39.Bf8+ Kd7 40.Bxc5 Nc4+ 41.Kd3 Nxb2+ 42.Kd4 Nc4 43.f5 gxf5
44.gxf5 Bf7 45.Bd5 Ne3 46.Be6+ Bxe6 47.fxe6+ Kxe6 48.Kxe3  1-0

[Event "Zonal 3.3"]
[Site "Tagaytay City PHI"]
[Date "2011.05.27"]
[Round "6"]
[White "Nolte,R"]
[Black "Barbosa,O PHI"]
[Result "1/2-1/2"]
[WhiteElo "2429"]
[BlackElo "2506"]

1.d4 d5 2.Nf3 Nf6 3.c4 c6 4.Nc3 dxc4 5.a4 Bf5 6.Ne5 Nbd7 7.Nxc4 Nb6 8.Ne5 a5
9.f3 Nfd7 10.Nxd7 Nxd7 11.e4 Bg6 12.Be2 e6 13.Be3 Bb4 14.O-O O-O 15.Qb3 Qc7
16.Rac1 Rac8 17.Nb5 Qb8 18.Na3 Rfe8 19.Rfd1 f6 20.Nc4 Bf7 21.Bd2 Bxd2 22.Rxd2 e5
23.Qe3 Bxc4 24.Bxc4+ Kh8 25.d5 cxd5 26.Rxd5 Qc7 27.b3 Red8 28.Rcd1 Nb6 29.Rxd8+ Rxd8
30.Bd5 h6 31.h3  1/2-1/2

[Event "XXX Zalakaros Open"]
[Site "Zalakaros HUN"]
[Date "2011.05.27"]
[Round "8"]
[White "Pasztor,F1"]
[Black "Chen Yang"]
[Result "1-0"]
[WhiteElo "2205"]
[BlackElo "2081"]

1.Nf3 d5 2.d4 Nf6 3.c4 c6 4.Nc3 dxc4 5.a4 Bf5 6.Ne5 Nbd7 7.Nxc4 Nb6 8.e3 e6
9.a5 Nxc4 10.Bxc4 b5 11.axb6 axb6 12.Rxa8 Qxa8 13.f3 Be7 14.e4 Bg6 15.O-O O-O
16.Be3 Qa5 17.Qa1 Ra8 18.Qxa5 Rxa5 19.Rc1 h6 20.Kf2 Nd7 21.Ne2 c5 22.Nf4 cxd4
23.Bxd4 Kh7 24.Rd1 Ra7 25.Bb5 Nc5 26.Bc3 Ra2 27.Nd3 Nxd3+ 28.Rxd3 f5 29.Rd7 Bf8
30.Bc4 Ra4 31.Bb3 Ra8 32.Bxe6 fxe4 33.f4 Be8 34.Rc7 Bc5+ 35.Kg3 Bf8 36.Bd5 Rd8
37.Bxe4+ Kh8 38.Rb7 b5 39.f5 Kg8 40.f6 b4 41.Be5 gxf6  1-0

[Event "XXX Zalakaros Open"]
[Site "Zalakaros HUN"]
[Date "2011.05.27"]
[Round "8"]
[White "Banusz,T"]
[Black "Erdos,V"]
[Result "1/2-1/2"]
[WhiteElo "2555"]
[BlackElo "2609"]

1.Nf3 c6 2.c4 Nf6 3.Nc3 d5 4.d4 dxc4 5.a4 Bf5 6.Ne5 e6 7.f3 Bb4 8.e4 Bxe4
9.fxe4 Nxe4 10.Bd2 Qxd4 11.Nxe4 Qxe4+ 12.Qe2 Bxd2+ 13.Kxd2 Qd5+ 14.Kc2 Na6
15.Nxc4 O-O 16.Qe5 Rab8 17.Rd1 Nb4+ 18.Kc1 Na2+  1/2-1/2

[Event "XX Guillermo Garcia Mem Talents"]
[Site "Santa Clara CUB"]
[Date "2011.05.28"]
[Round "7.4"]
[White "Moreno del Pozo,O"]
[Black "Ramos,L"]
[Result "1/2-1/2"]
[WhiteElo "2147"]
[BlackElo "2158"]

1.d4 d5 2.c4 c6 3.Nc3 Nf6 4.Nf3 dxc4 5.a4 Bf5 6.Nh4 Bg6 7.Nxg6 hxg6 8.e3 e6
9.Bxc4 Bb4 10.O-O Nbd7 11.g3 Qa5 12.Qe2 Qh5 13.Qxh5 Rxh5 14.Kg2 Nb6 15.Bb3 Kd7
16.Bd1 Rhh8  1/2-1/2

[Event "29th Liechtenstein Open"]
[Site "Triesen LIE"]
[Date "2011.05.28"]
[Round "2.7"]
[White "Farago,I"]
[Black "Simon,Pete GER"]
[Result "1-0"]
[WhiteElo "2448"]
[BlackElo "2159"]

1.d4 d5 2.c4 c6 3.Nf3 Nf6 4.Nc3 dxc4 5.a4 Bf5 6.Ne5 Nbd7 7.Nxc4 Nb6 8.Ne5 a5
9.g3 e6 10.Bg2 Bb4 11.O-O O-O 12.e3 Qe7 13.e4 Bxc3 14.bxc3 Bxe4 15.Ba3 Qc7
16.f3 Bd5 17.Bxf8 Rxf8 18.Qe2 c5 19.c4 Bc6 20.dxc5 Nxa4 21.Qe3 Nd7 22.Nxc6 Qxc6
23.f4 Qxc5 24.Qxc5 Ndxc5 25.Bxb7 Nb2 26.Bc6 a4 27.Ra2 Ncd3 28.Be4  1-0

[Event "3rd Orissa Open"]
[Site "Bhubaneswar IND"]
[Date "2011.05.30"]
[Round "4"]
[White "Ashwin,J"]
[Black "Suvrajit,S"]
[Result "1/2-1/2"]
[WhiteElo "2439"]
[BlackElo "2370"]

1.d4 d5 2.c4 c6 3.Nf3 Nf6 4.Nc3 dxc4 5.a4 Bf5 6.Ne5 Nbd7 7.Nxc4 Qc7 8.g3 e5
9.dxe5 Nxe5 10.Bf4 Nfd7 11.Bg2 f6 12.O-O Nc5 13.b4 Rd8 14.Qe1 Nb3 15.Rd1 Bxb4
16.Ne3 Be6 17.Ncd5 cxd5 18.Qxb4 d4 19.Nf5 a5 20.Qb5+ Kf7 21.Rb1 Bc4 22.Qxb7 Qxb7
23.Bxb7 g6 24.Nh4 g5 25.Bxe5 fxe5 26.Nf3 Kf6 27.Rb2 Rb8 28.Rc2 Be6 29.Be4 h6
30.Nd2 Rhc8 31.Nxb3 Bxb3 32.Rc6+ Rxc6 33.Bxc6 Rb4 34.Rc1 Rc4 35.Rb1 Rc3 36.f3 Ke7
37.Kf2 Kd6 38.Be8 Kc5 39.h4 Bc4 40.Bb5 Rb3 41.Rc1 Rc3 42.Rb1 Rb3 43.Rc1 Rc3  1/2-1/2

[Event "TCh-FRA Top 12 2011"]
[Site "Mulhouse FRA"]
[Date "2011.05.31"]
[Round "6"]
[White "Demuth,A"]
[Black "Nezar,M"]
[Result "0-1"]
[WhiteElo "2414"]
[BlackElo "2405"]

1.d4 d5 2.c4 c6 3.Nf3 Nf6 4.Nc3 dxc4 5.a4 Bf5 6.Nh4 Bg4 7.h3 Bh5 8.g4 Bg6
9.Nxg6 hxg6 10.e3 e6 11.Bxc4 Nbd7 12.Qf3 Bb4 13.Bd2 a5 14.Rd1 Nb6 15.Bb3 Qe7
16.g5 Nfd7 17.Qg3 e5 18.O-O Rh5 19.Ne4 c5 20.dxe5 c4 21.Bc2 Nxe5 22.Bxb4 axb4
23.Rd6 Rxg5 24.Nxg5 Qxd6 25.Rd1 Qe7 26.f4 Ned7 27.Ne4 b3 28.Nd6+ Kf8 29.Be4 Nc5
30.Bf3 Rd8 31.f5 Qxe3+ 32.Kh1 Nd3 33.Rf1 Qe5 34.Qxe5 Nxe5 35.Nxb7 Rd7 36.Be4 Nxa4
37.fxg6 Nxb2 38.Nc5 Re7 39.Bd5 Nxg6 40.Rf2 Nd1 41.Rd2 Re1+ 42.Kh2 b2  0-1

[Event "18th Ratten Open"]
[Site "Ratten AUT"]
[Date "2011.06.02"]
[Round "2.1"]
[White "Dietmayer Kraeutler,M"]
[Black "Diermair,A"]
[Result "1/2-1/2"]
[WhiteElo "2240"]
[BlackElo "2435"]

1.d4 d5 2.c4 c6 3.Nc3 Nf6 4.Nf3 dxc4 5.a4 Bf5 6.e3 e6 7.Bxc4 Bb4 8.O-O Nbd7
9.Qb3 a5 10.Na2 Be7 11.Qxb7 Rb8 12.Qa6 Ra8 13.Qb7 Rb8 14.Qa6 Ra8 15.Qb7 Rb8  1/2-1/2

[Event "TCh-FRA Top 12 2011"]
[Site "Mulhouse FRA"]
[Date "2011.06.03"]
[Round "9"]
[White "Aguettaz,M"]
[Black "Reinhart,E"]
[Result "0-1"]
[WhiteElo "2417"]
[BlackElo "2357"]

1.Nf3 c6 2.d4 Nf6 3.c4 d5 4.Nc3 dxc4 5.a4 Bf5 6.Ne5 Nbd7 7.Nxc4 Qc7 8.g3 e5
9.dxe5 Nxe5 10.Bf4 Nfd7 11.Bg2 g5 12.Nxe5 gxf4 13.Nxd7 O-O-O 14.Qd4 Qxd7
15.Qxf4 Bd6 16.Qh6 Bf8 17.Qe3 Bg7 18.O-O Qd4 19.Qf3 Qg4 20.a5 Qxf3 21.Bxf3 a6
22.Rfc1 Rd2 23.b4 Kb8 24.Ra3 Rb2 25.b5 axb5 26.Nd1 Rc2 27.Rxc2 Bxc2 28.Ne3 b4
29.Nxc2 bxa3 30.Nxa3 Rd8 31.a6 Rd1+ 32.Kg2 Ra1 33.axb7 Rxa3 34.Bxc6 Be5 35.f4 Bd6
36.e4 f6 37.Bd5 Kc7 38.Kh3 Bxf4 39.Kg4 Be5 40.Kh5 Ra1 41.h3 Ra3 42.Be6 Kxb7
43.Kh6 Rxg3 44.Bg4 Kc6 45.Kxh7 Kd6 46.Kg6 Ke7 47.Kf5 Kf7 48.Bh5+ Kg7 49.Bg4 Kh6
50.Ke6 Rxg4  0-1

[Event "29th Liechtenstein Open"]
[Site "Triesen LIE"]
[Date "2011.06.03"]
[Round "8.18"]
[White "Benes,Pe1"]
[Black "Nussbaumer,Vincent"]
[Result "1-0"]
[WhiteElo "2087"]
[BlackElo "1784"]

1.d4 d5 2.c4 c6 3.Nf3 Nf6 4.Nc3 dxc4 5.a4 Bf5 6.Ne5 Nbd7 7.Nxc4 e6 8.Bf4 Nb6
9.Ne5 Nbd5 10.Nxd5 Nxd5 11.Bd2 Nb4 12.Rc1 Qxd4 13.Bc3 Qxd1+ 14.Rxd1 Bc2 15.Rd4 c5
16.Rd2 Bxa4 17.e4 Be7 18.Bc4 b5 19.b3 Bg5 20.Rb2 bxc4 21.bxa4 Nd3+ 22.Nxd3 cxd3
23.Bxg7 Rg8 24.Be5 Bc1 25.Rb1 d2+ 26.Ke2 Rxg2 27.Bg3 Rd8 28.Rd1 c4 29.Rbxc1 dxc1=Q
30.Rxc1 Rd4 31.Kf3 Rxg3+ 32.hxg3 Ke7 33.Ke3 e5 34.f4 f6 35.fxe5 fxe5 36.Rh1 Rd3+
37.Ke2 Rxg3 38.Rxh7+ Kd6 39.Rxa7 Ra3 40.Ra5 c3 41.Rd5+ Ke6 42.a5 Ra4 43.Rc5 Rxe4+
44.Kd3 Kd6 45.Rb5 Rc4 46.Kc2 e4 47.a6 Rc7 48.Ra5 Ra7 49.Rh5 e3 50.Kxc3 Re7
51.Rh1 Ke5 52.Kd3 Kf4 53.Rf1+ Kg3 54.Ke2 Ra7 55.Rf6 Kg4 56.Kxe3 Kg5 57.Rd6 Rc7
58.Kd4 Rc1 59.Rd5+ Kf6 60.Ra5 Rd1+ 61.Kc5 Rc1+ 62.Kb6 Re1 63.Rc5 Rb1+ 64.Rb5 Re1
65.a7 Re6+ 66.Ka5 Re1 67.Rb8 Ra1+ 68.Kb6 Rb1+ 69.Kc5 Rc1+ 70.Kd4 Rd1+ 71.Ke3  1-0

[Event "FSFMA June"]
[Site "Budapest HUN"]
[Date "2011.06.04"]
[Round "1"]
[White "Ritter,G"]
[Black "Xu,F"]
[Result "1/2-1/2"]
[WhiteElo "2083"]
[BlackElo "1951"]

1.d4 d5 2.c4 c6 3.Nf3 Nf6 4.Nc3 dxc4 5.a4 Bf5 6.e3 e6 7.Bxc4 Bb4 8.O-O O-O
9.h3 Nbd7 10.Nh4 Nb6 11.Nxf5 exf5 12.Bd3 g6 13.Qb3 a5 14.Na2 Bd6 15.Bd2 Qc7
16.Nc3 Nbd5 17.Rfc1 Qe7 18.Nxd5 Nxd5 19.Bc4 Nf6 20.Bd3 Nd5 21.Bc4 Nf6 22.Bd3 Nd5  1/2-1/2

[Event "Mayor's Cup of Good Wine"]
[Site "Hustopece CZE"]
[Date "2011.06.04"]
[Round "7"]
[White "Zilka,S"]
[Black "Haba,P"]
[Result "1/2-1/2"]
[WhiteElo "2506"]
[BlackElo "2504"]

1.d4 d5 2.c4 c6 3.Nf3 Nf6 4.Nc3 dxc4 5.a4 Bf5 6.Ne5 Nbd7 7.Nxc4 Nb6 8.Ne5 a5
9.f3 Nfd7 10.Nxd7 Nxd7 11.e4 Bg6 12.Be3 Qb6 13.Qd2 e5 14.Rd1 O-O-O 15.dxe5 Bc5
16.Bxc5 Nxc5 17.Qc2 Rxd1+ 18.Kxd1 Rd8+ 19.Ke1 Qb4 20.h4 h5 21.Be2 Nb3 22.Bd1 Nc5
23.Be2 Qd4 24.g3 Qxe5 25.Kf2 f5 26.f4 Qd4+ 27.Kg2 fxe4 28.Rd1 Nd3 29.Bxd3 exd3
30.Qf2 d2 31.Qxd4 Rxd4 32.Kf2 Bc2 33.Ke3 Bxd1  1/2-1/2

[Event "TCh-FRA Top 12 2011"]
[Site "Mulhouse FRA"]
[Date "2011.06.04"]
[Round "10"]
[White "Brunner,N"]
[Black "Reinhart,E"]
[Result "1-0"]
[WhiteElo "2450"]
[BlackElo "2357"]

1.d4 c6 2.c4 d5 3.Nf3 Nf6 4.Nc3 dxc4 5.a4 Bf5 6.e3 e6 7.Bxc4 Nbd7 8.O-O Bb4
9.Qe2 O-O 10.e4 Bg6 11.Bd3 Re8 12.e5 Nd5 13.Bxg6 hxg6 14.Ne4 Be7 15.Bg5 f6
16.exf6 gxf6 17.Bd2 Kg7 18.Rfe1 Nf8 19.h4 Qc7 20.g3 Qd7 21.Kg2 b6 22.Rh1 c5
23.dxc5 bxc5 24.h5 Qc6 25.hxg6 Nxg6 26.Nh4 Rh8 27.Nxg6 Kxg6 28.Qg4+ Kf7 29.Qf3 Rxh1
30.Rxh1 Ke8 31.Bc3 Kd7 32.Rh7 Nxc3 33.bxc3 Kd8 34.Nxc5 Qxf3+ 35.Kxf3 Rc8
36.Rh8+ Kc7 37.Nxe6+ Kd7 38.Rxc8 Kxc8 39.Ke4 Kb7 40.Kd5  1-0

[Event "3rd Orissa Open"]
[Site "Bhubaneswar IND"]
[Date "2011.06.06"]
[Round "11"]
[White "Gupta,Ab"]
[Black "Petrosian,TL"]
[Result "1/2-1/2"]
[WhiteElo "2604"]
[BlackElo "2634"]

1.d4 d5 2.c4 c6 3.Nc3 Nf6 4.Nf3 dxc4 5.a4 Bf5 6.Ne5 Nbd7 7.Nxc4 Qc7 8.g3 e5
9.dxe5 Nxe5 10.Bf4 Nfd7 11.Bg2 g5 12.Ne3 gxf4 13.Nxf5 O-O-O 14.Qc2 fxg3 15.hxg3 Kb8
16.O-O-O Bb4 17.Na2 Bc5 18.e3 Bb6 19.Kb1 Nf6 20.Nc3 h5 21.Ne4 Rxd1+ 22.Rxd1 Nxe4
23.Qxe4 Ng4 24.Qc2 Rd8 25.Rxd8+ Qxd8 26.Bf3 a5 27.Bxg4 hxg4 28.Nh6 Qg5 29.Nf5 Qd8
30.Qe4 Qd1+ 31.Ka2 Ka7 32.Qc4 f6 33.Ne7 Qd7 34.Qe4 Bc5 35.Nf5 Qd1 36.Nh6 Bf8
37.Nxg4 f5 38.Qxf5 Qxa4+ 39.Kb1 Qd1+  1/2-1/2

[Event "14th Iraklio's Open"]
[Site "Athens GRE"]
[Date "2011.06.11"]
[Round "1"]
[White "Hatzoudis,G"]
[Black "Kokolias,K"]
[Result "0-1"]
[WhiteElo "1822"]
[BlackElo "2202"]

1.d4 d5 2.c4 c6 3.Nf3 Nf6 4.Nc3 dxc4 5.a4 Bf5 6.e3 e6 7.Bxc4 Bb4 8.O-O O-O
9.Qe2 Nbd7 10.e4 Bg6 11.Bd3 Bh5 12.e5 Nd5 13.Nxd5 cxd5 14.Qe3 Re8 15.Bd2 Qa5
16.Bxb4 Qxb4 17.Ng5 Nf8 18.Qh3 Bg6 19.Bxg6 hxg6 20.Qh4 Rac8 21.Ra3 f6 22.Rh3 fxg5
23.Qh8+ Kf7 24.Rf3+ Ke7 25.Qxg7+ Kd8 26.Rf7 b6 27.Qf6+ Re7 28.Rxf8+ Kd7 29.Rxc8 Kxc8
30.Qf8+ Kb7 31.Rc1 Ka6 32.h3 Qxb2 33.Qc8+ Ka5 34.Rc5+ bxc5 35.Qxc5+ Kxa4
36.Qxe7 Qb6 37.Qe8+ Kb4 38.Qe7+ Kc4 39.Qxg5 Qxd4 40.Qf6 Qb6 41.Qe7 d4 42.Qd6 d3
43.Qa3 Qb4 44.Qa2+ Kb5 45.Qxe6 d2 46.Qd5+ Kb6 47.Qd8+ Kc5  0-1

[Event "Voronezh Master Open"]
[Site "Voronezh RUS"]
[Date "2011.06.13"]
[Round "2.29"]
[White "Gusarov,G"]
[Black "Baraeva,M"]
[Result "1-0"]
[WhiteElo "2381"]
[BlackElo "2170"]

1.d4 d5 2.Nf3 Nf6 3.c4 c6 4.Nc3 dxc4 5.a4 Bf5 6.Ne5 Nbd7 7.Nxc4 Qc7 8.g3 e5
9.dxe5 Nxe5 10.Bf4 Nfd7 11.Bg2 g5 12.Ne3 gxf4 13.Nxf5 O-O-O 14.Qc2 Ng6 15.Rc1 Kb8
16.O-O fxg3 17.hxg3 a5 18.Rfd1 Bc5 19.Ne4 Bb6 20.Ned6 Nde5 21.Qc3 Ne7 22.e3 Nxf5
23.Nxf5 h5 24.Rb1 Ng4 25.Rxd8+ Rxd8 26.b4 axb4 27.Qxb4 Ka7 28.Bf3 Rg8 29.a5 Bxa5
30.Ra1 Ka6 31.Nd6 Rg5 32.Be2+ b5 33.Ne4 Rd5 34.Nc5+ Rxc5 35.Qxc5 Ne5 36.Bxb5+ Kb7
37.Be2 Bb6 38.Rb1 f6 39.Bxh5 Nd7 40.Qc2 Qe5 41.Qh7 Qc7 42.Bg4 Ne5 43.Qxc7+ Kxc7
44.Be2 c5 45.f4 Nc6 46.Kf2 Nb4 47.Kf3 Kc6 48.Bc4 Bc7 49.Ke4 Nc2 50.Bd5+ Kd6
51.Bb3 Nb4 52.Kf5 Ke7 53.Rh1 Bd8 54.g4 Nc6 55.Ba4  1-0

[Event "49th National Challengers ch-IND"]
[Site "Aurangabad IND"]
[Date "2011.06.16"]
[Round "2"]
[White "Ashwin,J"]
[Black "Shaikh,N"]
[Result "1-0"]
[WhiteElo "2439"]
[BlackElo "2217"]

1.d4 d5 2.c4 c6 3.Nf3 Nf6 4.Nc3 dxc4 5.a4 Bf5 6.Ne5 Nbd7 7.Nxc4 Qc7 8.Qd2 h6
9.f3 Bh7 10.Qf4 Qxf4 11.Bxf4 g5 12.Bg3 Nh5 13.Bf2 Bg7 14.e4 O-O 15.g3 Nhf6
16.g4 Nb6 17.a5 Nxc4 18.Bxc4 b5 19.Bb3 e6 20.Ke2 a6 21.Rac1 Nd7 22.Na2 Rfc8
23.Nb4 Nb8 24.Rc2 Bf8 25.Nd3 Be7 26.Rhc1 Bd8 27.Be1 Bf6 28.Ne5 Rd8 29.Bf2 Bxe5
30.dxe5 Nd7 31.Bb6 Re8 32.Rxc6 Nxe5 33.Rd6 Rac8 34.Rxe6 Ng6 35.Rxe8+ Rxe8
36.Be3 Ne5 37.Rc7 Rd8 38.Bd5 Bg6 39.Ra7 Kh7 40.Rxa6 Rc8 41.Bd4 Nc4 42.Ra7 Nd6
43.Ra8  1-0

[Event "1st Forni Open"]
[Site "Forni di Sopra ITA"]
[Date "2011.06.17"]
[Round "8"]
[White "Esserman,M"]
[Black "Collutiis,D"]
[Result "1/2-1/2"]
[WhiteElo "2439"]
[BlackElo "2472"]

1.d4 Nf6 2.c4 c6 3.Nc3 d5 4.Nf3 dxc4 5.a4 Bf5 6.Ne5 e6 7.f3 c5 8.e4 Bg6 9.Be3 cxd4
10.Qxd4 Qxd4 11.Bxd4 Nbd7 12.Nxd7 Nxd7 13.Bxc4 a6 14.Ke2 Rg8 15.Rac1 Bd6
16.h4 h5 17.g4 Ke7 18.g5 Rac8 19.Ba2 Bc5 20.Rhd1 Bxd4 21.Rxd4 Rgd8 22.f4 Nc5
23.Rxd8 Kxd8 24.Ke3 Ke8 25.Rf1 a5 26.f5 Bh7 27.Bc4 exf5 28.exf5 Kf8 29.Be2 Re8+
30.Kf4 Nxa4 31.Bb5 Nxc3 32.Bxe8 Ne2+ 33.Ke5 Ng3 34.Rf3 Nxf5 35.Bb5 Nxh4 36.Rc3 Bf5
37.Rc7 Be6 38.Rxb7 Nf3+ 39.Kf4 Nd4 40.Ba4 h4 41.g6 f6 42.Rb8+ Ke7 43.Rb7+ Kf8
44.Bd7 Ba2 45.Ke3 Nc2+ 46.Kd2 Nd4 47.Ke3 Nc2+ 48.Kd2 Nd4 49.Ra7 Bb1 50.Ke3 Nc2+
51.Kf4 Nb4 52.Kg4 Bxg6 53.Kxh4 Nd3 54.b3 Nc5 55.Ba4 Bf7 56.Ra8+ Ke7 57.Ra7+ Kf8  1/2-1/2

[Event "49th National Challengers ch-IND"]
[Site "Aurangabad IND"]
[Date "2011.06.18"]
[Round "4"]
[White "Singh,SV"]
[Black "Abhishek,D"]
[Result "1/2-1/2"]
[WhiteElo "2248"]
[BlackElo "2346"]

1.d4 d5 2.c4 c6 3.Nc3 Nf6 4.Nf3 dxc4 5.a4 Bf5 6.Ne5 Nbd7 7.Nxc4 Qc7 8.g3 e5
9.dxe5 Nxe5 10.Bf4 Nfd7 11.Bg2 f6 12.O-O O-O-O 13.Qc1 Nc5 14.Bxe5 fxe5 15.Qe3 Nb3
16.Rad1 Bc5 17.Qxe5 Qxe5 18.Nxe5 Rhe8 19.Rxd8+ Kxd8 20.Nd3 Bd4 21.Rd1 Kc7
22.e3 Bf6 23.e4 Bg4 24.f3 Bd4+ 25.Kh1 Be6 26.Nf4 Bf7 27.Nfe2 Bb6 28.h4 a5
29.Bh3 Rd8 30.Rxd8 Kxd8 31.e5 Nc5 32.Bf5 Bb3 33.Nd4 g6 34.Nxb3 Nxb3 35.Bc2 Nd2
36.f4 Bd4 37.Bd3 Nb3 38.Kg2 Nc5 39.Bc2 Bxc3 40.bxc3 b5 41.axb5 cxb5 42.Kf3 a4
43.Ke3 a3 44.Bb1 Nb3 45.Kd3 Nc1+ 46.Kc2 Ne2 47.Kb3 Nxg3 48.Kxa3 Ne2 49.Kb4 Nxf4
50.Kxb5 Kd7 51.Ba2 Nd3 52.e6+ Kd6 53.Kb6 Nf4 54.e7 Kxe7 55.c4 Nd3 56.Bb1 Ne5
57.c5 Nd7+ 58.Kc6 Nxc5 59.Kxc5 Kf6 60.Kd4 h5  1/2-1/2

[Event "Voronezh Master Open"]
[Site "Voronezh RUS"]
[Date "2011.06.18"]
[Round "6.7"]
[White "Tunik,G"]
[Black "Andriasian,Z"]
[Result "1/2-1/2"]
[WhiteElo "2427"]
[BlackElo "2640"]

1.d4 d5 2.c4 c6 3.Nf3 Nf6 4.Nc3 dxc4 5.a4 Bf5 6.Ne5 Nbd7 7.Nxc4 Qc7 8.Qd2 Nb6
9.Nxb6 axb6 10.Qf4 Qxf4 11.Bxf4 b5 12.f3 b4 13.Nd1 Bc2 14.a5 Nd5 15.Bd2 f5
16.Ne3 Nxe3 17.Bxe3 e6 18.Bf4 b3 19.e3 Bb4+ 20.Kf2 Kf7 21.Bc7 Rhc8 22.Bb6 c5
23.Ra4 Bc3 24.bxc3 b2 25.Bb5 Bxa4 26.Bxa4 cxd4 27.exd4 Rc4 28.Bb5 Rxc3 29.Rb1 Rc2+
30.Kg3 g5 31.d5 exd5 32.Bd7 Kg6 33.Bd4 h5 34.Bxb2 h4+ 35.Kh3 Rd8 36.Ba4 Rc4
37.Bb3 Rb4 38.Bc3 Rb5 39.g4 hxg3 40.hxg3 Rc8 41.Bd2 Kf6  1/2-1/2

[Event "61st ch-RUS HL w"]
[Site "Taganrog RUS"]
[Date "2011.06.20"]
[Round "5"]
[White "Girya,O"]
[Black "Goryachkina,A"]
[Result "1/2-1/2"]
[WhiteElo "2394"]
[BlackElo "2103"]

1.d4 d5 2.c4 c6 3.Nf3 Nf6 4.Nc3 dxc4 5.a4 Bf5 6.e3 e6 7.Bxc4 Bb4 8.O-O Nbd7
9.Qe2 Bg6 10.e4 O-O 11.Bd3 Bh5 12.e5 Nd5 13.Nxd5 cxd5 14.Qe3 Re8 15.Ng5 Bg6
16.Bxg6 fxg6 17.Qh3 Nf8 18.Qb3 Qb6 19.Be3 Be7 20.Qxb6 axb6 21.Rfc1 Rec8 22.Rxc8 Rxc8
23.Rc1 Rxc1+ 24.Bxc1 Bb4 25.h4 h6 26.Nh3 Nd7 27.Kf1 Nb8 28.Ke2 Nc6 29.Be3 Kf7
30.Kd3 Ne7 31.g3 Nc6 32.Nf4 Be7 33.Ne2 Na7 34.Kc3 Nc6 35.Kd3 Na7 36.Kc3 Nc6
37.Nc1 Nb4 38.Bd2 Ke8 39.Ne2 Nc6 40.Kc2 Bf8 41.Be3 Bb4 42.Nf4 Kf7 43.Nd3 Bf8
44.Kc3 Be7 45.b4 Bd8 46.b5 Na5 47.Nb2 Be7 48.Bd2 Ba3 49.Nd3 Nc4 50.Be1 Be7
51.Kc2 Ba3 52.Bb4 Bxb4 53.Nxb4 Ke7 54.Kc3 Kd7 55.Nd3 Ke7 56.Nc1 Kd7 57.Ne2 Ke7
58.Nf4 Kf7 59.Ng2 Ke7 60.Ne3 Na5 61.g4 g5 62.hxg5 hxg5 63.Ng2 Ke8 64.Ne3 Ke7
65.Nf1 Ke8 66.Nd2 Kf7 67.Kd3 Kg6 68.Ke3 Kh6 69.Ke2 Kg6 70.Kd1 Kf7 71.Kc2 Kg6
72.Kb2 Kf7 73.Ka2 Kg6 74.Ka3 Kf7 75.Kb4 Kg6 76.Kc3 Kf7 77.Kd3 Kg6 78.Ke3 Kh6
79.Kf3 Kg6 80.Kg3 Kf7 81.Kg2 Kg6 82.Kf1 Kf7 83.Ke1 Kg6 84.Kd1 Kf7 85.Kc2 Kg6
86.Nf3 Nc4 87.Ng1 Kf7 88.Nh3 Kg6 89.Kc3 Na5 90.Kb4 Nc4 91.Kc3 Na5 92.f4 gxf4
93.Nxf4+ Kf7 94.g5 g6 95.Ng2 Nc4 96.Nh4 Na5 97.Nf3 Nc4 98.Kb4 Ke7 99.Ne1 Kd7
100.Kc3 Ke7 101.Nc2 Kd7 102.Ne1  1/2-1/2

[Event "Baltija Cup Open A"]
[Site "Palanga LTU"]
[Date "2011.06.21"]
[Round "4.8"]
[White "Bieliauskas,M"]
[Black "Tvarijonas,T"]
[Result "1/2-1/2"]
[WhiteElo "2121"]
[BlackElo "1915"]

1.d4 d5 2.c4 c6 3.Nf3 Nf6 4.Nc3 dxc4 5.a4 Bf5 6.e3 e6 7.Bxc4 Bb4 8.O-O Nbd7
9.Qb3 a5 10.Nh4 Bg6 11.g3 Qc7 12.e4 Bxc3 13.Nxg6 hxg6 14.bxc3 O-O 15.f3 Qb6
16.Qa2 Rac8 17.Rb1 Qa7 18.Qb3 b6 19.Be3 Qc7 20.Rfc1 e5 21.Ba6 Rcd8 22.Bf1 Rb8
23.Bc4 Rbc8 24.Kg2 c5 25.dxe5 Qxe5 26.Bf4 Qh5 27.Bd6 Ne5 28.Bxe5 Qxe5 29.Re1 g5
30.Qc2 Rc6 31.Rbd1 g6 32.Qc1 Rc7 33.f4 gxf4 34.gxf4 Qh5 35.Qe3 Kg7 36.Qf3 Qxf3+
37.Kxf3 Rh8 38.e5 Nh5 39.Bb5 Kh6 40.Rd6 Rb8 41.f5 Ng7 42.fxg6 Nf5 43.Rf6 Nh4+
44.Kg4 Nxg6 45.Bd3 Re7 46.e6 Kg7 47.Kg5 Nf8 48.Rxf7+ Rxf7 49.exf7 Kxf7 50.Bc4+ Kg7
51.Re7+ Kh8 52.Kf6 Rd8 53.Re3 Rd2 54.Re8 Rf2+ 55.Kg5 Kg7 56.Re7+ Kh8 57.h4 Nh7+
58.Kg4 Nf6+ 59.Kg3 Rc2 60.Re3 Rxc3 61.Rxc3 Ne4+ 62.Kf4 Nxc3 63.Bb3 c4 64.Bxc4 Nxa4
65.Ke5 Nb2 66.Ba2 b5 67.Kd4 Na4 68.Be6 b4 69.Kc4 Nc3 70.Bf5 Kg7 71.h5 Kh6
72.Bg6 Kg5 73.Kb3 Kf6 74.Kc4  1/2-1/2

[Event "Baltija Cup Open A"]
[Site "Palanga LTU"]
[Date "2011.06.21"]
[Round "5.27"]
[White "Gaizauskaite,Ginte"]
[Black "Rackevicius,Saulius"]
[Result "0-1"]
[WhiteElo "1720"]
[BlackElo "1927"]

1.d4 d5 2.c4 c6 3.Nf3 Nf6 4.Nc3 dxc4 5.a4 Bf5 6.Ne5 e6 7.f3 Bb4 8.e4 Bg6
9.Bxc4 Nbd7 10.Nxd7 Nxd7 11.Be3 Qa5 12.Qb3 O-O 13.Kf2 Nb6 14.Be2 c5 15.Rhd1 c4
16.Qc2 f5 17.Kg1 Bxc3 18.Qxc3 Qxc3 19.bxc3 fxe4 20.fxe4 Bxe4 21.Bf2 Rac8
22.Bg3 Nd5 23.Rdc1 Rc6 24.a5 Rfc8 25.Ra4 Ne3 26.Bf1 Bd3 27.Bxd3 cxd3 28.Be1 Rf8
29.Bd2 Nc4 30.Ra2 Rf5 31.Rd1 e5 32.g4 Rf8 33.dxe5 Nxe5 34.h3 Nf3+ 35.Kg2 Re6
36.Kg3 Re2 37.Rb2 Nh2 38.Bc1 Nf1+ 39.Kh4 Rxb2 40.Bxb2 Rf2 41.c4 Ne3 42.Rxd3 Ng2+
43.Kg3 Rxb2 44.Rd1 Kf7 45.Rd3 Ke6 46.Rd4 Ke5 47.Rd5+ Ke4 48.Rd7 g5 49.Rxh7 Nf4
50.Re7+ Kd4 51.Kf3 Kxc4 52.Re4+ Kd5 53.Re7 Rb3+ 54.Kf2 Nxh3+ 55.Kf1 Nf4 56.Rf7 Rf3+  0-1

[Event "Voronezh Master Open"]
[Site "Voronezh RUS"]
[Date "2011.06.21"]
[Round "9.12"]
[White "Chuprikov,D"]
[Black "Ajrapetian,G"]
[Result "1/2-1/2"]
[WhiteElo "2396"]
[BlackElo "2435"]

1.d4 d5 2.c4 c6 3.Nf3 Nf6 4.Nc3 dxc4 5.a4 Bf5 6.e3 e6 7.Bxc4 Bb4 8.O-O Nbd7
9.Qb3 a5 10.Na2 Be7 11.Qxb7 Rb8 12.Qxc6 Rc8 13.Qa6 Ra8 14.Qc6 Rc8 15.Qa6 Ra8
16.Qc6 Rc8  1/2-1/2

[Event "49th National Challengers ch-IND"]
[Site "Aurangabad IND"]
[Date "2011.06.22"]
[Round "9"]
[White "Praveen Kumar,C1"]
[Black "Abhishek,K"]
[Result "0-1"]
[WhiteElo "2358"]
[BlackElo "2211"]

1.d4 d5 2.c4 c6 3.Nf3 Nf6 4.Nc3 dxc4 5.a4 Bf5 6.g3 Na6 7.Bg2 Nb4 8.O-O Bc2
9.Qd2 Bb3 10.a5 e6 11.Ne5 Rc8 12.e3 Be7 13.Qe2 O-O 14.Nxc4 c5 15.dxc5 Rxc5
16.Na3 Qc8 17.a6 bxa6 18.e4 Rd8 19.Be3 Rc7 20.f4 Nd3 21.Kh1 h5 22.h3 Nxb2
23.Qxb2 Rxc3 24.Rac1 Rxc1 25.Rxc1 Rd1+ 26.Rxd1 Bxd1 27.Bxa7 Ba4 28.Nb1 Bc6
29.Nd2 a5 30.Bd4 a4 31.Kh2 Qa8 32.Qc2 a3 33.Ba1 Bb4 34.Be5 Bxd2 35.Qxd2 Bxe4
36.Bxf6 gxf6  0-1